[Event "4NCL 2019-20"]
[Site "Daventry"]
[Date "2020.02.09"]
[Round "6"]
[White "Povah, Nigel E"]
[Black "Leon Cazares, Gustavo"]
[Result "1/2-1/2"]
[WhiteElo "2284"]
[BlackElo "2084"]
[Annotator "TA"]
[PlyCount "94"]
[EventDate "2020.01.11"]
[EventCountry "ENG"]
[SourceTitle "playchess.com"]
[Source "ChessBase"]
[SourceQuality "1"]

{[%evp 9,94,0,0,0,0,-5,4,4,30,29,46,34,27,25,24,20,17,24,50,28,42,41,79,77,104,110,108,109,90,62,113,104,185,202,204,205,198,195,350,400,397,382,631,566,556,534,948,910,977,949,950,703,1478,681,831,1016,1005,1012,1003,987,856,777,789,0,802,802,798,758,920,891,891,891,876,865,687,0,660,30,8,0,0,0,0,0,0,0,0]} 1. d4 Nf6 2. Bf4 g6 3. Nc3 d5 4. e3 Bg7 5. h4 h5 6. Nb5 {A45: Trompowsky Attack} Na6 7. Nf3 Bg4 8. Nc3 Nb8 9. Qd2 c6 10. Ne5 Bf5 11. f3 Nbd7 12. Be2 Nxe5 13. Bxe5 Qd7 {[#]} 14. Nd1 $146 {[%cal Bc3d1,Bd1f2,Bf2e4][%mdl 32]} ({Predecessor:} 14. O-O-O Bh6 15. Rdg1 Rg8 16. Kb1 Qe6 17. Nd1 a5 18. Rh2 b5 19. Bxf6 exf6 20. Bd3 Bxd3 21. Qxd3 f5 22. Re1 {1-0 (31) Csukerda,A (2110)-Varadi,V Aggtelek 1997}) 14... O-O 15. Nf2 Qe6 16. Rg1 c5 17. g4 hxg4 18. fxg4 Be4 19. g5 Nd7 (19... Ne8 $14) 20. Nxe4 Bxe5 (20... dxe4 $16 21. Bxg7 Kxg7) 21. Bg4 $18 Bg3+ 22. Rxg3 Qxe4 23. O-O-O Rfd8 $2 (23... Rad8 24. Bf3 Qf5) 24. Rf1 Rac8 25. c3 Rc7 $2 (25... cxd4 26. exd4 e5) 26. Qf2 Rf8 27. h5 b5 28. Bxd7 Rxd7 29. hxg6 Qxg6 30. Qh2 cxd4 31. exd4 (31. Rh1 $142 Kg7 32. Rh3) 31... b4 32. Rh1 {[%csl Gh1][%cal Rh2h8]} Kg7 {[#]} 33. Rh3 $1 bxc3 34. Rh7+ Kg8 35. Rh8+ Kg7 36. Rh7+ Kg8 {aiming for ...cxb2+.} 37. b3 Qxg5+ {[#]} 38. Kb1 $1 {Rh8+ would kill now.} Qg6+ 39. Ka1 {White wants to mate with Rh8+.} f6 40. Rh6 Qf5 41. Rh5 Qe4 {[#]} 42. Rh7 $1 {[%mdl 512] Intending Qg3+ and mate.} Qg6 {intending ...c2.} 43. Rh8+ $2 ({White should try} 43. Qh3 $18 f5 44. Rh6) 43... Kf7 $11 {White must now prevent ...Rxh8.} 44. Rxf8+ {The position is equal.} Kxf8 45. Rg1 c2 46. Kb2 $1 c1=Q+ ({Wrong is} 46... Rc7 $2 47. Kc1 $18 (47. Rxg6 $2 {gets mated.} c1=Q#)) 47. Rxc1 {Hoping for Rg1.} Kf7 {Accuracy: White = 86%, Black = 50%.} 1/2-1/2

[Event "4NCL 2019-20"]
[Site "Daventry"]
[Date "2020.02.09"]
[Round "6"]
[White "Sowray, Peter J"]
[Black "Weller, Jean-Luc"]
[Result "1/2-1/2"]
[WhiteElo "2272"]
[BlackElo "2230"]
[Annotator "ChessBase"]
[PlyCount "57"]
[EventDate "2020.01.11"]
[EventCountry "ENG"]
[SourceTitle "playchess.com"]
[Source "ChessBase"]
[SourceQuality "1"]
[TimeControl "40/6000:3000+30"]

1. d4 {[%emt 0:00:00]} Nf6 {[%emt 0:00:57]} 2. c4 {[%emt 0:00:00]} e6 {[%emt 0:00:00]} 3. Nc3 {[%emt 0:00:00]} Bb4 {[%emt 0:00:00]} 4. e3 {[%emt 0:00:00]} O-O {[%emt 0:00:00]} 5. Nge2 {[%emt 0:00:00]} d5 {[%emt 0:00:00]} 6. a3 {[%emt 0:00:00]} Be7 {[%emt 0:00:00]} 7. cxd5 {[%emt 0:00:00]} exd5 {[%emt 0:00:00]} 8. Nf4 {[%emt 0:00:00]} c6 {[%emt 0:00:00]} 9. Bd3 {[%emt 0:00:00]} a5 {[%emt 0:00:00]} 10. O-O {[%emt 0:00:00]} Na6 {[%emt 0:00:00]} 11. f3 {[%emt 0:00:00]} Nc7 {[%emt 0:02:03]} 12. Bd2 {[%emt 0:00:00]} Ne6 {[%emt 0:00:17]} 13. Nxe6 {[%emt 0:00:00]} Bxe6 {[%emt 0:00:00]} 14. Ne2 {[%emt 0:05:04]} Qb6 {[%emt 0:04:54]} 15. Bc3 {[%emt 0:03:37]} Rfd8 {[%emt 0:29:43]} 16. Qc2 {[%emt 0:08:07]} g6 {[%emt 0:08:20]} 17. Kh1 {[%emt 0:06:06]} Ne8 {[%emt 0:02:02]} 18. Rae1 {[%emt 0:04:57]} Bf6 {[%emt 0:05:18]} 19. e4 {[%emt 0:05:15]} dxe4 {[%emt 0:17:37]} 20. fxe4 {[%emt 0:00:00]} Bg7 {[%emt 0:00:00]} 21. e5 {[%emt 0:09:25]} c5 {[%emt 0:04:39]} 22. dxc5 {[%emt 0:03:48]} Qxc5 {[%emt 0:00:00]} 23. Ng3 {[%emt 0:02:41]} b5 {[%emt 0:06:24]} 24. Ne4 {[%emt 0:14:00]} Qd5 {[%emt 0:00:00]} 25. Nf6+ {[%emt 0:00:17]} Nxf6 {[%emt 0:01:43]} 26. exf6 {[%emt 0:00:00]} Qxd3 {[%emt 0:00:00]} 27. Qxd3 {[%emt 0:00:00]} Rxd3 {[%emt 0:00:00]} 28. fxg7 {[%emt 0:00:00]} b4 {[%emt 0:02:47]} 29. axb4 {[%emt 0:00:00]} 1/2-1/2

[Event "4NCL 2019-20"]
[Site "Daventry"]
[Date "2020.02.09"]
[Round "6"]
[White "Lund, D Brett"]
[Black "Skulte, Christopher"]
[Result "1-0"]
[WhiteElo "2265"]
[BlackElo "2033"]
[Annotator "ChessBase"]
[PlyCount "51"]
[EventDate "2020.01.11"]
[EventCountry "ENG"]
[SourceTitle "playchess.com"]
[Source "ChessBase"]
[SourceQuality "1"]
[TimeControl "40/6000:3000+30"]

1. c4 {[%emt 0:00:00]} Nf6 {[%emt 0:01:08]} 2. g3 {[%emt 0:00:00]} d5 {[%emt 0:01:59]} 3. cxd5 {[%emt 0:00:00]} Nxd5 {[%emt 0:00:11]} 4. Bg2 {[%emt 0:00:00]} g6 {[%emt 0:04:01]} 5. Nc3 {[%emt 0:00:00]} Nxc3 {[%emt 0:08:32]} 6. bxc3 {[%emt 0:00:00]} Bg7 {[%emt 0:00:00]} 7. Rb1 {[%emt 0:00:00]} c6 {[%emt 0:01:43]} 8. h4 {[%emt 0:00:00]} h5 {[%emt 0:05:46]} 9. Nf3 {[%emt 0:03:31]} O-O {[%emt 0:07:55]} 10. Ng5 {[%emt 0:03:52]} e5 {[%emt 0:06:53]} 11. Ba3 {[%emt 0:02:25]} Re8 {[%emt 0:00:00]} 12. Qb3 {[%emt 0:00:25]} Qf6 {[%emt 0:03:19]} 13. Ne4 {[%emt 0:03:18]} Qe6 {[%emt 0:10:46]} 14. Nd6 {[%emt 0:04:01]} Bf8 {[%emt 0:15:58]} 15. Nxe8 {[%emt 0:07:21]} Qxe8 {[%emt 0:00:00]} 16. Bxf8 {[%emt 0:01:13]} Kxf8 {[%emt 0:00:45]} 17. Qb4+ {[%emt 0:00:55]} Kg7 {[%emt 0:04:14]} 18. Qd6 {[%emt 0:00:00]} Na6 {[%emt 0:00:56]} 19. O-O {[%emt 0:02:22]} Rb8 {[%emt 0:00:26]} 20. d4 {[%emt 0:05:01]} exd4 {[%emt 0:04:43]} 21. Qxd4+ {[%emt 0:02:42]} Kh7 {[%emt 0:00:00]} 22. Qxa7 {[%emt 0:02:46]} Qxe2 {[%emt 0:00:18]} 23. Rfe1 {[%emt 0:01:42]} Qxa2 {[%emt 0:00:24]} 24. Bf1 {[%emt 0:01:37]} b5 {[%emt 0:01:38]} 25. Ra1 {[%emt 0:05:00]} Qd2 {[%emt 0:00:07]} 26. Qxf7+ {[%emt 0:00:07]} 1-0

[Event "4NCL 2019-20"]
[Site "Daventry"]
[Date "2020.02.09"]
[Round "6"]
[White "O'Toole, George E"]
[Black "Wadsworth, Matthew J"]
[Result "1/2-1/2"]
[WhiteElo "2252"]
[BlackElo "2401"]
[Annotator "TA"]
[PlyCount "151"]
[EventDate "2020.01.11"]
[EventCountry "ENG"]
[SourceTitle "playchess.com"]
[Source "ChessBase"]
[SourceQuality "1"]

{[%evp 20,151,2,8,10,11,27,0,0,-20,0,0,0,0,0,-6,21,-22,-27,-43,-43,-55,-70,-56,-42,-50,0,0,-12,-36,-13,-92,-78,-100,-82,-130,-105,-189,-193,-175,-178,-215,-220,-200,-163,-212,-170,-170,-125,-125,-125,-129,-126,-132,-131,-131,-125,-125,-125,-724,-378,-303,-206,-380,-279,-340,-169,-166,-110,-110,-110,-110,-110,-110,-110,-110,-110,-110,-110,-110,-110,-110,-110,-110,-110,-110,-110,-110,-98,-98,-98,-108,-98,-108,-108,-108,-91,-91,-90,-90,0,0,0,0,0,0,0,-20,0,0,0,0,0,0,0,0,0,0,0,0,0,0,0,0,0,0,0,0,0,0,0,0,0,0]} 1. Nf3 Nf6 2. g3 d5 3. Bg2 c6 4. O-O Bf5 5. d3 h6 6. Nbd2 e6 7. b3 Be7 8. Bb2 a5 9. a3 Bh7 10. Qe1 O-O 11. e4 Re8 {A07: Réti Opening: New York and Capablanca Systems.} 12. Qe2 c5 13. Ne5 {[#]} a4 $146 ({Predecessor:} 13... Nc6 14. Nxc6 bxc6 15. a4 Qb6 16. Kh1 Nd7 17. f4 Qc7 18. g4 f6 19. Rae1 Bd6 {1-0 (27) Rzayev,B (2405)-Oz,O (1947) Cesme 2018}) 14. f4 Qb6 15. Kh1 Nc6 16. g4 axb3 17. cxb3 dxe4 18. dxe4 Nxe5 $1 19. fxe5 Nd7 20. Qf3 Rf8 21. Nc4 Qa6 22. a4 Nb6 23. Nd6 Rad8 24. a5 Nc8 (24... Nd7 {looks sharper.} 25. Qg3 b6 26. Bc3 bxa5 27. Rfd1 Qc6) 25. Nc4 (25. Qc3 $1 $11 {remains equal.}) 25... Qc6 26. Qe2 Bg6 27. Rf6 Rfe8 (27... Bxf6 28. exf6 Rd4 29. fxg7 $16 (29. Bxd4 cxd4 30. e5 Qc7 $14)) 28. Raf1 (28. Rff1 $17 {keeps fighting.}) 28... b5 $19 ({Resist} 28... gxf6 29. exf6 Bf8 30. Ne5 $17) 29. axb6 Nxb6 ({Stronger than} 29... gxf6 30. exf6 Nxb6 31. fxe7 $16) 30. Nxb6 Qxb6 ({Less strong is} 30... gxf6 31. exf6 Qxb6 32. fxe7 $15) 31. R6f3 Bg5 {[#] Hoping for ...Rd2.} 32. Qc4 Qb4 33. Rc3 Qxc4 34. Rxc4 Rb8 35. Rxc5 Rxb3 36. Bc1 Ra8 37. Bxg5 hxg5 38. h3 Ra2 {[#] aiming for ...Rg3.} 39. Rd1 $2 {[%mdl 8192]} (39. Kg1 $17) 39... Re3 40. Rc4 Kh7 41. Rb4 $2 (41. Rf1) 41... Ree2 42. Rg1 Rf2 (42... Ra3 $142 43. Rc1 Rg3) 43. Kh2 Rae2 (43... Rfc2 $19 44. Kg3 Rc3+ 45. Bf3 Ra5) 44. Kg3 $17 Rf4 {[%cal Rg6e4]} 45. Rf1 Re3+ 46. Rf3 Rexe4 47. Rxe4 Bxe4 48. Re3 Bxg2 49. Kxg2 {[%mdl 4096] Endgame KR-KR} Kg6 50. Kg3 Rf1 51. Kg2 Ra1 (51... Rb1 {seems wilder.} 52. Kf3 Rc1 53. Kg3 Kh6 54. Kf3 Rc4) 52. Kg3 Ra6 53. Rb3 f6 54. exf6 gxf6 55. Re3 Kf7 56. Rb3 Ra4 57. Re3 e5 58. Rb3 Rf4 59. Ra3 Ke6 (59... Kg6 $17 60. Kg2 Rd4) 60. Ra6+ $11 {The position is equal.} Kd5 61. Ra5+ Kc4 62. Ra4+ Kb3 63. Ra8 e4 64. Rc8 Rf3+ 65. Kg2 Rc3 66. Re8 Re3 67. Kf2 Rf3+ 68. Ke2 Rxh3 69. Rxe4 Rh2+ 70. Kf3 Kc3 71. Re6 Rh1 72. Ke2 Rg1 73. Rxf6 Rxg4 74. Kf3 Rg1 {( -> ...Rf1+)} 75. Kf2 Ra1 76. Rf5 {Accuracy: White = 78%, Black = 76%.} 1/2-1/2

[Event "4NCL 2019-20"]
[Site "Daventry"]
[Date "2020.02.09"]
[Round "6"]
[White "Mitchell, Martin"]
[Black "Quinn, John M"]
[Result "1/2-1/2"]
[WhiteElo "2207"]
[BlackElo "2139"]
[Annotator "ChessBase"]
[PlyCount "70"]
[EventDate "2020.01.11"]
[EventCountry "ENG"]
[SourceTitle "playchess.com"]
[Source "ChessBase"]
[SourceQuality "1"]
[TimeControl "40/6000:3000+30"]

1. d4 {[%emt 0:00:00]} Nf6 {[%emt 0:00:00]} 2. c4 {[%emt 0:00:00]} g6 {[%emt 0:00:00]} 3. Nc3 {[%emt 0:00:00]} Bg7 {[%emt 0:00:00]} 4. e4 {[%emt 0:00:00]} d6 {[%emt 0:00:00]} 5. Be2 {[%emt 0:00:00]} O-O {[%emt 0:00:00]} 6. Be3 {[%emt 0:00:00]} Na6 {[%emt 0:00:03]} 7. g4 {[%emt 0:00:25]} c5 {[%emt 0:05:27]} 8. d5 {[%emt 0:02:26]} e6 {[%emt 0:03:46]} 9. g5 {[%emt 0:03:26]} Ne8 {[%emt 0:00:54]} 10. Qd2 {[%emt 0:06:44]} exd5 {[%emt 0:01:25]} 11. cxd5 {[%emt 0:03:49]} Bd7 {[%emt 0:05:50]} 12. h4 {[%emt 0:00:58]} Rb8 {[%emt 0:02:11]} 13. h5 {[%emt 0:03:03]} b5 {[%emt 0:00:38]} 14. f4 {[%emt 0:17:09]} f5 {[%emt 0:15:48]} 15. hxg6 {[%emt 0:02:39]} hxg6 {[%emt 0:00:19]} 16. Bf3 {[%emt 0:01:46]} b4 {[%emt 0:02:59]} 17. Nd1 {[%emt 0:08:19]} Qe7 {[%emt 0:06:47]} 18. Qh2 {[%emt 0:09:22]} Kf7 {[%emt 0:10:07]} 19. Qg2 {[%emt 0:05:04]} Nec7 {[%emt 0:04:08]} 20. Ne2 {[%emt 0:03:36]} Rh8 {[%emt 0:06:47]} 21. Ng3 {[%emt 0:02:51]} Rxh1+ {[%emt 0:01:38]} 22. Qxh1 {[%emt 0:00:00]} Rh8 {[%emt 0:00:00]} 23. Qg2 {[%emt 0:01:25]} Nb5 {[%emt 0:10:12]} 24. exf5 {[%emt 0:04:29]} gxf5 {[%emt 0:00:46]} 25. Be2 {[%emt 0:05:38]} Nac7 {[%emt 0:00:16]} 26. Nh5 {[%emt 0:02:44]} Bd4 {[%emt 0:04:16]} 27. Kd2 {[%emt 0:04:26]} Kg6 {[%emt 0:09:20]} 28. Nf6 {[%emt 0:04:02]} Bxf6 {[%emt 0:02:04]} 29. gxf6+ {[%emt 0:00:00]} Kxf6 {[%emt 0:00:00]} 30. Nf2 {[%emt 0:00:00]} Qg7 {[%emt 0:00:17]} 31. Qxg7+ {[%emt 0:00:06]} Kxg7 {[%emt 0:00:00]} 32. Bc4 {[%emt 0:01:33]} Ne8 {[%emt 0:00:31]} 33. a4 {[%emt 0:00:01]} Nbc7 {[%emt 0:00:10]} 34. Rg1+ {[%emt 0:00:00]} Kf6 {[%emt 0:00:00]} 35. b3 {[%emt 0:00:00]} Rh2 {[%emt 0:00:22]} 1/2-1/2

[Event "4NCL 2019-20"]
[Site "Daventry"]
[Date "2020.02.09"]
[Round "6"]
[White "Bukojemski, Adam"]
[Black "Colovic, Aleksandar"]
[Result "1/2-1/2"]
[WhiteElo "2201"]
[BlackElo "2443"]
[Annotator "ChessBase"]
[PlyCount "85"]
[EventDate "2020.01.11"]
[EventCountry "ENG"]
[SourceTitle "playchess.com"]
[Source "ChessBase"]
[SourceQuality "1"]
[TimeControl "40/6000:3000+30"]

1. e4 {[%emt 0:00:00]} c5 {[%emt 0:00:00]} 2. Nf3 {[%emt 0:00:00]} d6 {[%emt 0:00:00]} 3. d4 {[%emt 0:00:00]} cxd4 {[%emt 0:00:00]} 4. Qxd4 {[%emt 0:00:00]} Nc6 {[%emt 0:00:00]} 5. Qe3 {[%emt 0:00:00]} Nf6 {[%emt 0:00:31]} 6. h3 {[%emt 0:00:00]} e6 {[%emt 0:01:19]} 7. c4 {[%emt 0:00:00]} Be7 {[%emt 0:00:00]} 8. Nc3 {[%emt 0:00:00]} O-O {[%emt 0:00:00]} 9. Be2 {[%emt 0:00:00]} b6 {[%emt 0:00:00]} 10. O-O {[%emt 0:00:00]} Bb7 {[%emt 0:00:00]} 11. Rd1 {[%emt 0:00:00]} Qc7 {[%emt 0:02:41]} 12. Bd2 {[%emt 0:08:59]} a6 {[%emt 0:05:46]} 13. Rac1 {[%emt 0:00:00]} Ne5 {[%emt 0:00:00]} 14. Nd4 {[%emt 0:01:47]} Rac8 {[%emt 0:06:22]} 15. f4 {[%emt 0:04:48]} Ned7 {[%emt 0:02:20]} 16. Bf3 {[%emt 0:00:51]} Qb8 {[%emt 0:00:00]} 17. b3 {[%emt 0:01:00]} Ne5 {[%emt 0:18:55]} 18. Na4 {[%emt 0:10:57]} Nxf3+ {[%emt 0:02:12]} 19. gxf3 {[%emt 0:00:00]} Nd7 {[%emt 0:05:36]} 20. Bb4 {[%emt 0:03:59]} Rfe8 {[%emt 0:00:06]} 21. f5 {[%emt 0:00:20]} Bf6 {[%emt 0:17:32]} 22. fxe6 {[%emt 0:04:38]} fxe6 {[%emt 0:00:00]} 23. Ne2 {[%emt 0:00:16]} d5 {[%emt 0:00:00]} 24. Be1 {[%emt 0:03:10]} b5 {[%emt 0:01:24]} 25. Bg3 {[%emt 0:07:54]} Qa8 {[%emt 0:00:38]} 26. cxb5 {[%emt 0:00:00]} Rxc1 {[%emt 0:00:29]} 27. Rxc1 {[%emt 0:03:44]} dxe4 {[%emt 0:11:24]} 28. bxa6 {[%emt 0:01:27]} Bd5 {[%emt 0:01:51]} 29. a7 {[%emt 0:10:07]} exf3 {[%emt 0:00:00]} 30. Rc7 {[%emt 0:03:46]} fxe2 {[%emt 0:05:19]} 31. Rxd7 {[%emt 0:00:17]} Qc6 {[%emt 0:08:28]} 32. Nb6 {[%emt 0:06:40]} Bh1 {[%emt 0:05:46]} 33. Qxe2 {[%emt 0:00:00]} Qxb6+ {[%emt 0:00:00]} 34. Kxh1 {[%emt 0:00:00]} Qc6+ {[%emt 0:00:00]} 35. Qg2 {[%emt 0:00:00]} Qxd7 {[%emt 0:00:00]} 36. Bb8 {[%emt 0:00:00]} Qd1+ {[%emt 0:00:00]} 37. Kh2 {[%emt 0:00:00]} Qe1 {[%emt 0:00:00]} 38. a8=Q {[%emt 0:02:45]} Be5+ {[%emt 0:00:00]} 39. Bxe5 {[%emt 0:00:00]} Qxe5+ {[%emt 0:00:00]} 40. Kg1 {[%emt 0:00:00]} Qe1+ {[%emt 0:00:00]} 41. Kh2 {[%emt 0:49:35]} Qe5+ {[%emt 0:48:32]} 42. Kh1 {[%emt 0:00:42]} Qe1+ {[%emt 0:00:00]} 43. Kh2 {[%emt 0:00:00]} 1/2-1/2

[Event "4NCL 2019-20"]
[Site "Daventry"]
[Date "2020.02.09"]
[Round "6"]
[White "Wall, Tim P"]
[Black "Rogers, Jonathan W"]
[Result "1/2-1/2"]
[WhiteElo "2201"]
[BlackElo "2335"]
[Annotator "ChessBase"]
[PlyCount "74"]
[EventDate "2020.01.11"]
[EventCountry "ENG"]
[SourceTitle "playchess.com"]
[Source "ChessBase"]
[SourceQuality "1"]
[TimeControl "40/6000:3000+30"]

1. d4 {[%emt 0:00:00]} Nf6 {[%emt 0:00:49]} 2. Nc3 {[%emt 0:00:00]} d5 {[%emt 0:01:02]} 3. Bf4 {[%emt 0:00:00]} e6 {[%emt 0:01:11]} 4. e3 {[%emt 0:00:00]} a6 {[%emt 0:01:29]} 5. Bd3 {[%emt 0:00:00]} Bd6 {[%emt 0:06:01]} 6. Nf3 {[%emt 0:00:01]} Bxf4 {[%emt 0:07:02]} 7. exf4 {[%emt 0:00:00]} Qd6 {[%emt 0:00:00]} 8. Qd2 {[%emt 0:00:52]} b6 {[%emt 0:02:09]} 9. Ne5 {[%emt 0:19:41]} c5 {[%emt 0:00:18]} 10. O-O {[%emt 0:10:31]} O-O {[%emt 0:10:01]} 11. Qe3 {[%emt 0:21:37]} c4 {[%emt 0:06:54]} 12. Be2 {[%emt 0:00:07]} b5 {[%emt 0:00:00]} 13. Bf3 {[%emt 0:01:34]} Bb7 {[%emt 0:05:59]} 14. Rfe1 {[%emt 0:04:28]} Nc6 {[%emt 0:01:52]} 15. Rad1 {[%emt 0:00:49]} Ne7 {[%emt 0:04:29]} 16. g4 {[%emt 0:02:22]} Ne8 {[%emt 0:05:12]} 17. Bg2 {[%emt 0:01:57]} f6 {[%emt 0:08:07]} 18. Nf3 {[%emt 0:00:00]} Ng6 {[%emt 0:00:00]} 19. Ne2 {[%emt 0:09:13]} Nc7 {[%emt 0:03:08]} 20. h4 {[%emt 0:00:00]} Rae8 {[%emt 0:00:10]} 21. h5 {[%emt 0:00:00]} Ne7 {[%emt 0:00:00]} 22. Ng3 {[%emt 0:00:12]} Nc6 {[%emt 0:00:00]} 23. Re2 {[%emt 0:05:05]} b4 {[%emt 0:00:00]} 24. Rde1 {[%emt 0:00:31]} c3 {[%emt 0:02:31]} 25. bxc3 {[%emt 0:02:48]} Nb5 {[%emt 0:03:32]} 26. cxb4 {[%emt 0:01:57]} Qxb4 {[%emt 0:00:00]} 27. Rd2 {[%emt 0:02:15]} Na5 {[%emt 0:00:59]} 28. Rd3 {[%emt 0:03:22]} Nd6 {[%emt 0:01:10]} 29. Qd2 {[%emt 0:01:29]} Qb6 {[%emt 0:01:11]} 30. a3 {[%emt 0:02:32]} Ne4 {[%emt 0:01:42]} 31. Qb4 {[%emt 0:00:00]} Qc7 {[%emt 0:00:59]} 32. Re2 {[%emt 0:01:01]} Rb8 {[%emt 0:01:03]} 33. Qe1 {[%emt 0:01:48]} Bc6 {[%emt 0:00:00]} 34. Rd1 {[%emt 0:01:00]} Nc4 {[%emt 0:00:24]} 35. Nh2 {[%emt 0:00:29]} f5 {[%emt 0:01:19]} 36. gxf5 {[%emt 0:00:00]} exf5 {[%emt 0:00:00]} 37. f3 {[%emt 0:00:14]} Nxg3 {[%emt 0:04:35]} 1/2-1/2

[Event "4NCL 2019-20"]
[Site "Daventry"]
[Date "2020.02.09"]
[Round "6"]
[White "Clarke, Stuart W"]
[Black "Lee, Richard W Y"]
[Result "1/2-1/2"]
[WhiteElo "2195"]
[BlackElo "2130"]
[Annotator "ChessBase"]
[PlyCount "65"]
[EventDate "2020.01.11"]
[EventCountry "ENG"]
[SourceTitle "playchess.com"]
[Source "ChessBase"]
[SourceQuality "1"]
[TimeControl "40/6000:3000+30"]

1. e4 {[%emt 0:00:00]} e6 {[%emt 0:00:00]} 2. d4 {[%emt 0:00:00]} d5 {[%emt 0:00:09]} 3. Nd2 {[%emt 0:00:04]} c5 {[%emt 0:00:00]} 4. exd5 {[%emt 0:00:00]} Qxd5 {[%emt 0:00:00]} 5. Ngf3 {[%emt 0:00:00]} cxd4 {[%emt 0:00:00]} 6. Bc4 {[%emt 0:00:00]} Qd6 {[%emt 0:00:00]} 7. O-O {[%emt 0:00:00]} Nf6 {[%emt 0:00:00]} 8. Nb3 {[%emt 0:00:00]} Nc6 {[%emt 0:00:00]} 9. Nbxd4 {[%emt 0:00:00]} Nxd4 {[%emt 0:00:00]} 10. Nxd4 {[%emt 0:00:00]} a6 {[%emt 0:00:00]} 11. Re1 {[%emt 0:00:00]} Qc7 {[%emt 0:00:00]} 12. Qe2 {[%emt 0:00:00]} Bd6 {[%emt 0:06:08]} 13. Bg5 {[%emt 0:00:00]} O-O {[%emt 0:16:49]} 14. Bd3 {[%emt 0:08:46]} Qc5 {[%emt 0:18:03]} 15. Bxf6 {[%emt 0:06:20]} gxf6 {[%emt 0:00:00]} 16. Rad1 {[%emt 0:05:51]} Kh8 {[%emt 0:10:26]} 17. c3 {[%emt 0:08:20]} Qe5 {[%emt 0:05:41]} 18. Qxe5 {[%emt 0:14:52]} Bxe5 {[%emt 0:00:00]} 19. Nf3 {[%emt 0:01:29]} Bc7 {[%emt 0:03:05]} 20. Re4 {[%emt 0:00:00]} f5 {[%emt 0:03:54]} 21. Rc4 {[%emt 0:02:53]} Bd8 {[%emt 0:00:54]} 22. a4 {[%emt 0:00:21]} Bf6 {[%emt 0:02:25]} 23. Be2 {[%emt 0:04:28]} Kg7 {[%emt 0:02:14]} 24. h3 {[%emt 0:02:59]} Rd8 {[%emt 0:04:45]} 25. Rxd8 {[%emt 0:02:58]} Bxd8 {[%emt 0:00:00]} 26. g4 {[%emt 0:01:05]} fxg4 {[%emt 0:01:45]} 27. hxg4 {[%emt 0:05:29]} Bd7 {[%emt 0:10:04]} 28. Ne5 {[%emt 0:04:32]} Be8 {[%emt 0:01:59]} 29. Bf3 {[%emt 0:00:16]} Rb8 {[%emt 0:04:18]} 30. Rb4 {[%emt 0:03:53]} a5 {[%emt 0:05:43]} 31. Rxb7 {[%emt 0:04:10]} Rxb7 {[%emt 0:00:08]} 32. Bxb7 {[%emt 0:00:06]} Bxa4 {[%emt 0:00:00]} 33. Kg2 {[%emt 0:03:57]} 1/2-1/2

[Event "4NCL 2019-20"]
[Site "Daventry"]
[Date "2020.02.09"]
[Round "6"]
[White "Sygnowski, Tomasz"]
[Black "Jaracz, Pawel"]
[Result "0-1"]
[WhiteElo "2185"]
[BlackElo "2469"]
[Annotator "TA"]
[PlyCount "96"]
[EventDate "2020.01.11"]
[EventCountry "ENG"]
[SourceTitle "playchess.com"]
[Source "ChessBase"]
[SourceQuality "1"]

{[%evp 10,96,13,-15,0,-4,15,0,12,11,16,15,36,17,10,22,21,20,16,0,0,-34,-15,-44,34,-44,-39,-58,-62,-93,-35,-76,-79,-89,-77,-87,-84,-115,-113,-117,-122,-154,-154,-177,-172,-176,-191,-241,-197,-193,-200,-200,-160,-177,-145,-145,-144,-144,-145,-150,-134,-133,0,0,0,0,0,0,-11,-27,-27,-419,-27,-418,-411,-398,-390,-919,-249,-920,-918,-803,-776,-662,-634,-507,-273,-1027,-974]} 1. e4 c5 2. Nf3 Nc6 3. d4 cxd4 4. Nxd4 e6 5. Be3 Nf6 6. Nd2 (6. Bd3 {feels hotter.} d5 7. Nc3 dxe4 8. Nxc6 bxc6 9. Bxe4 Qc7 10. Qf3) 6... d6 {B44: Sicilian: Taimanov: 5 Nb5.} 7. Be2 Be7 8. O-O O-O {The position is equal.} 9. c4 Bd7 {[#]} 10. Qb3 $146 ({Predecessor:} 10. a3 a6 11. Rc1 Re8 12. Qb3 Rb8 13. f4 Bf8 14. Qc3 e5 15. fxe5 dxe5 16. Nf5 Bxf5 17. Rxf5 {0-1 (45) Valtr,F (1930)-Kozak,M (2169) Tabor 2013}) 10... Qa5 11. Rfd1 Nxd4 12. Bxd4 Bc6 13. Qe3 Nd7 14. Nb3 Qc7 15. Rd2 b6 (15... e5 $5 16. Bc3 $8 b6 $11) 16. Rad1 h6 ({Black should play} 16... e5 $15 17. Bc3 a5) 17. Bc3 (17. Qg3 $14 e5 18. Be3) 17... e5 $15 18. f4 Rad8 19. h4 a5 (19... Rfe8 $17 20. g3 Bb7) 20. fxe5 dxe5 {Threatens to win with ...a4.} 21. Qg3 {Strongly threatening Rxd7!} Qb7 ({Wrong is} 21... Bxe4 $2 22. Rxd7 $1 {[%mdl 512]} Rxd7 23. Bxe5 $18) 22. Bg4 a4 23. Bxd7 Rxd7 24. Rxd7 Bxd7 25. Nd2 f6 26. Re1 Be6 27. b3 Rd8 28. bxa4 Qc6 29. a5 bxa5 30. Kh2 Qa4 31. Rb1 Bb4 32. Rb2 Qd1 {...Qc1 is the strong threat.} 33. Bxb4 axb4 34. Qe3 Kh7 35. Qb6 Rxd2 ({Black should try} 35... Qc1 $17 {And now ...Rd3 would win.} 36. Qxd8 Qxb2) 36. Rxd2 $11 Qxd2 37. Qxe6 $17 {[%mdl 4096] Endgame KQ-KQ} Qf4+ 38. Kh3 Qe3+ ({Don't play} 38... Qxe4 39. h5 $17) 39. g3 Qxe4 {( -> ...Qh1+)} 40. g4 $2 {[%mdl 8192]} (40. h5 $1 $11) 40... Qf3+ 41. Kh2 {[#]} h5 $1 42. gxh5 Qxh5 43. Kg3 $2 (43. c5 Qe2+ 44. Kg1 Qe3+ 45. Kg2 Qxc5 46. Qf5+ Kh6 47. h5 Qd5+ 48. Kg3) 43... Qg6+ $19 44. Kf3 $2 (44. Kh3) 44... Qd3+ 45. Kg4 Qe4+ 46. Kg3 Qf4+ 47. Kh3 f5 48. Kg2 $2 (48. c5) 48... Qe4+ {Accuracy: White = 55%, Black = 87%.} 0-1